| 000 | 00460nam a2200181Ia 4500 | ||
|---|---|---|---|
| 008 | 240925s9999 xx 000 0 und d | ||
| 020 | _a978933258611.6 | ||
| 082 | _a302 BRA | ||
| 100 | _aBranscombe, Byla R. | ||
| 245 | 0 | _aSocial Psychology | |
| 250 | _a14th | ||
| 260 |
_aNew Delhi: _bPearson Education _c,2017. |
||
| 300 |
_axi,411p. _b0 _fOriginal |
||
| 500 | _aIncludes Index | ||
| 600 | _aSocial Sciences | ||
| 650 | _aSocial Sciences | ||
| 942 | _cBK | ||
| 999 |
_c14631 _d14631 |
||